banner-ar

العلاقات المصرية اليمنية : (Record no. 61146)

MARC details
000 -الفاتح
حقل البيانات ثابتة الطول 01133nam a2200253 4500
005 - وقت وتاريخ اخر تعامل مع التسجيلة
رقم الضبط 20240530110446.0
008 - عناصر البيانات ثابتة الطول - معلومات عامة
حقل البيانات ثابتة الطول 150428s2010 ua b f j b 000 0 ara d
017 ## - رقم الايداع القانونى
رقم الايداع القانونى 2010/21341
المصدر ( الهيئة المختصة) مصر . دار الكتب المصرية
020 ## - الرقم الدولى المعيارى للكتب
الرقم الدولى المعيارى للكتاب 9789774219617
040 ## - مصدر الفهرسة
وكالة الفهرسة الأصلية EG-CaGPL
082 04 - رقم تصنيف ديوى العشرى
رقم الطبعة 21
رقم التصنيف 327.620532
رقم المادة ق/ز ع
100 0# - المدخل الرئيسى - إسم شخصى
الإسم الشخصى زوات عرفان المغربى
245 12 - بيان العنوان
العنوان العلاقات المصرية اليمنية :
بقية العنوان النصف الاول من القرن التاسع عشر /
بيان المسئوليه,etc تاليف زوات عرفان المغربى
260 ## - PUBLICATION, DISTRIBUTION, ETC. (IMPRINT)
تاريخ النشر أو التوزيع 2010 .
300 ## - الوصف المادى
التعداد 364 ص :
تفاصيل ماديه اخرى للوعاء ايض ؛
أبعاد الوعاء 24 سم
490 0# - بيان السلسلة
عنوان السلسلة تاريخ المصريين ؛
رقم المجلد/ التعيين التسلسلي 286
504 ## - تبصرة ببليوجرافية
تبصرة ببليوجرافية,الخ ببليوجرافية : ص 331 - 352
651 04 - المدخل الاضافى بالموضوع - اسم جغرافى
الاسم الجغرافي مصر
التقسيم الفرعي العام العلاقات الخارجية
التقسيم الفرعي الجغرافي اليمن
651 04 - المدخل الاضافى بالموضوع - اسم جغرافى
الاسم الجغرافي مصر
التقسيم الفرعي العام تاريخ
التقسيم الفرعي الزمني القرن التاسع عشر
651 04 - المدخل الاضافى بالموضوع - اسم جغرافى
الاسم الجغرافي اليمن
التقسيم الفرعي العام تاريخ
التقسيم الفرعي الزمني القرن التاسع عشر
651 04 - المدخل الاضافى بالموضوع - اسم جغرافى
الاسم الجغرافي اليمن
التقسيم الفرعي العام العلاقات الخارجية
التقسيم الفرعي الجغرافي مصر
942 ## - عناصر المدخل الإضافي( كوها)
مصدر التصنيف او مخطط الترفيف Dewey Decimal Classification
Koha [default] item type كتاب
260 ## - PUBLICATION, DISTRIBUTION, ETC. (IMPRINT)
-- القاهرة :
-- الهيئة المصرية العامة للكتاب ،
Holdings
حالة التراجع حالة الفقد حالة تلف ليس للاعارة المكان المؤقت الموقع الحالى تاريخ الاكتساب اجمالي اﻻعارات رقم الطلب الباركود تاريخ اخر مشاهدة تاريخ تفعيل السعر نوع وعاء كوها
        مكتبة القاهرة الكبرى مكتبة القاهرة الكبرى 04/28/2015   327.620532 ق/ز ع 160370 10/05/2022 04/28/2015 كتاب

Powered By

EGPV